Normal view
MARC view
Entry Topical Term
001 - CONTROL NUMBER
- control field: 39322
003 - CONTROL NUMBER IDENTIFIER
- control field: OSt
005 - DATE AND TIME OF LATEST TRANSACTION
- control field: 20160220165703.0
008 - FIXED-LENGTH DATA ELEMENTS
- fixed length control field: 160220|| aca||aabn | a|a d
040 ## - CATALOGING SOURCE
- Original cataloging agency: OSt
- Transcribing agency: OSt
150 ## - HEADING--TOPICAL TERM
- Topical term or geographic name entry element: Education
670 ## - SOURCE DATA FOUND
- Source citation: Work cat.: (OSt)23907: किचलू के. एल 39321, गणित शिक्षा के सिद्धान्त तथा शिक्षण प्रणाली , 1955









